Malé Karpaty : turistická a cykloturistická mapa 1:40 000 /

Korporativní autor: SHOCart (firma)
Jazyk: Slovenština
Vydáno: Zádveřice : SHOCart, 2022
Edice: Turistické mapy 1:40 000 (SHOCart)
Cykloturistické mapy 1:40 000 (SHOCart)
Témata:
Fyzický popis: 1 mapa ve 3 částech : obě strany, barevná ; list 96 x 66 cm, složeno na 17 x 11 cm
Mapy
Uloženo v:
LEADER 02093nem a2200529 i 4500
001 nkc20233499944
003 CZ PrNK
005 20230607074025.0
007 aj canzn
008 230207s2022 xr ag a 0 slo
015 |a cnb003499944 
020 |a 978-80-7636-335-9  |z 978-80-7224-755-4 
034 1 |a a  |b 40000  |d E0165740  |e E0173835  |f N0484030  |g N0480820 
040 |a BOA001  |b cze  |d ABA001  |e rda 
043 |a e-xo--- 
072 7 |a 913(437)  |x Geografie Česka a Slovenska, reálie, cestování  |2 Konspekt  |9 7 
072 7 |a 912  |x Mapy. Atlasy. Glóby  |2 Konspekt  |9 7 
080 |a 796.51  |2 MRF 
080 |a 796.61  |2 MRF 
080 |a 913(437.6-14)  |2 MRF 
080 |a (234.372.4)  |2 MRF 
080 |a (084.3)796.5  |2 MRF 
080 |a (084.3)796.61  |2 MRF 
110 2 |a SHOCart (firma)  |7 ko2001100207  |4 ctg 
245 1 0 |a Malé Karpaty :  |b turistická a cykloturistická mapa 1:40 000 /  |c vydal a spracoval SHOCart, spol. s r.o. 
255 |a Měřítko 1:40 000  |c (E 16°57'40"--E 17°38'35"/N 48°40'30"--N 48°08'20") 
264 1 |a Zádveřice :  |b SHOCart,  |c 2022 
300 |a 1 mapa ve 3 částech :  |b obě strany, barevná ;  |c list 96 x 66 cm, složeno na 17 x 11 cm 
336 |a kartografický obraz  |b cri  |2 rdacontent 
337 |a bez média  |b n  |2 rdamedia 
338 |a list  |b nb  |2 rdacarrier 
490 1 |a Turistické mapy 1:40 000 ;  |v 477 
490 1 |a Cykloturistické mapy 1:40 000 ;  |v 477 
500 |a Název ze složené mapy 
500 |a Vydání 2022 
650 0 7 |a pěší turistika  |7 ph124864  |z Slovensko  |2 czenas 
650 0 7 |a cykloturistika  |7 ph114274  |z Slovensko  |2 czenas 
651 7 |a Malé Karpaty (Slovensko : pohoří : oblast)  |7 xx0121408  |2 czenas 
655 7 |a turistické mapy  |7 fd133737  |2 czenas 
655 7 |a cykloturistické mapy  |7 fd131996  |2 czenas 
830 0 |a Turistické mapy 1:40 000 (SHOCart)  |0 s 
830 0 |a Cykloturistické mapy 1:40 000 (SHOCart)  |0 s 
910 2 |a BOA001  |b Mp2-1504.124 
990 |a MP 
995 |a 01 
991 |b 202302  |c NOV 
996 6 |b 2610930355  |c Mp2-1504.124  |l MZK  |r Sklad / do 1 hodiny  |n 0  |p p.v.  |w 001914678  |u 000010  |a 1  |e BOA001  |j MZK50  |s P